Statistics for All The Good Girls Go To Hell Billie Eilish

Click here to take the quiz!

General Stats

  • This quiz has been taken 162 times
  • The average score is 141 of 208

Answer Stats

Answer % Correct
the
100%
i
98%
a
98%
to
97%
go
96%
on
95%
my
93%
an
93%
is
92%
lonely
92%
in
92%
all
91%
girls
89%
hell
89%
lucifer
89%
once
89%
good
87%
you
86%
time
85%
peter
85%
there
84%
killing
83%
her
82%
cant
82%
god
81%
but
81%
even
80%
water
80%
herself
80%
standing
80%
has
79%
starts
79%
vacation
79%
enemies
79%
and
79%
open
78%
crime
78%
cause
77%
anything
76%
rise
76%
commit
76%
invitation
76%
devil
73%
friend
72%
look
72%
peters
72%
them
71%
burn
70%
california
69%
team
67%
inside
66%
got
65%
get
65%
want
64%
invite
64%
ignore
64%
say
63%
evidence
63%
fence
62%
friends
61%
like
61%
heavens
60%
animals
60%
hills
59%
dont
57%
of
56%
shell
56%
didnt
55%
me
54%
warn
54%
out
54%
turn
54%
more
54%
your
54%
know
54%
gates
52%
picket
51%
at
51%
pearly
51%
sight
51%
needing
50%
not
50%
we
46%
should
46%
better
46%
some
42%
im
40%
without
40%
him
37%
why
37%
are
37%
saving
33%
up
33%
man
33%
such
33%
fool
33%
now
32%
walk
32%
caving
31%
cover
31%
help
28%
our
28%
wearing
28%
begging
26%
wow
25%
poisoning
22%
nothing
20%
themselves
19%
left
19%
feathers
18%
theres
17%
owe
16%
gonna
15%
whos
10%
greenary
6%
fro
6%
burnt
5%

Score Distribution

Percentile by Number Answered

Percent of People with Each Score

Your Score History

You have not taken this quiz